Czyja to stolica Europa #2 - Statystyki

Ogólne statystyki
  • Ten quiz został rozwiązany 104 razy
  • Średni wynik to 10 z 11
Statystyki odpowiedzi
Hint Odpowiedź % Poprawnych
Praga Czechy
97%
Luksemburg Luksemburg
96%
Wiedeń Austria
93%
Oslo Norwegia
93%
Bukareszt Rumunia
93%
Kopenhaga Dania
92%
Amsterdam Holandia
92%
Bruksela Belgia
89%
Skopje Macedonia Północna
88%
Budapeszt Węgry
85%
Belgrad Serbia
82%
Nie znaleziono quizów pasujących do podanych kryteriów
Rozkład punktacji
Procent ludzi z każdym wynikiem
Percentyl według liczby udzielonych odpowiedzi
Twoja historia wyników
Nie rozwiązałeś tego quizu